| 000 | 00361nam a2200145Ia 4500 | ||
|---|---|---|---|
| 008 | 191201s2005 xx 000 0 und d | ||
| 082 |
_a621.422 _bARC |
||
| 100 | _aARORA, S C | ||
| 245 | 2 | _aA Course in Heat & Mass Transfer | |
| 250 | _a2nd | ||
| 260 |
_aNew Delhi _bDhanpat Rai Pub (P) Ltd _c2005 |
||
| 300 | _amisc. | ||
| 650 | _aB.Tech(ME) | ||
| 942 |
_2ddc _cBK |
||
| 999 |
_c1068 _d1068 |
||